Katolícky spevník alebožto Vššeobecná sbierka cirkevných katolíckych pesničiek slovenských v troch časťach

Bibliographic Details
Main Author: Radlinský, Andrej Ľudovít, 1817-1879 (Author)
Format: Book
Language:Undetermined
PhysicalDescription:376 s.
Published: Viedeň Ondrej Radlinsky 1875

MARC

LEADER 00000nam a2200000 a 4500
001 vtls001290793
003 SK-MaSNL
005 20260301234956.0
008 240315s1875 xx 0 und
035 |a SNK000242448 
040 |a SNK  |b slo  |c SNK  |e AACR2 
041 0 |a und 
044 |a xx 
100 1 |a Radlinský, Andrej Ľudovít,  |d 1817-1879  |4 aut  |9 108485 
245 1 |a Katolícky spevník alebožto Vššeobecná sbierka cirkevných katolíckych pesničiek slovenských v troch časťach 
260 |a Viedeň  |b Ondrej Radlinsky  |c 1875 
300 |a 376 s. 
958 |a ONDV 
999 |c 972725  |d 974655 
952 |a SNK  |b SNK  |y PREZ  |7 0  |p 17A0073427  |o snkSD 1249 D1  |i snkD 3255/61  |8 1  |z r. 1875  |0 0  |1 0  |4 0  |d 1997-06-17  |l 0  |r 2005-01-02 00:00:00  |w 2026-02-24